Normal view
MARC view
- Mr. Omar A. Aziz.
Entry Personal Name
001 - CONTROL NUMBER
- control field: 18731
003 - CONTROL NUMBER IDENTIFIER
- control field: NUST
005 - DATE AND TIME OF LATEST TRANSACTION
- control field: 20190727154254.0
008 - FIXED-LENGTH DATA ELEMENTS
- fixed length control field: 190727|| aca||aabn | a|a d
040 ## - CATALOGING SOURCE
- Original cataloging agency: NUST
- Transcribing agency: NUST
100 ## - HEADING--PERSONAL NAME
- Personal name: Mr. Omar A. Aziz.
670 ## - SOURCE DATA FOUND
- Source citation: Work cat.: (NUST): Shabbir, Hassan 18730, The Impact of Capital Structure on Firm Performance: An Analysis of Four Different Sectors of KSE 100 Index /, 2014.
